00915cam a22002771 4500001001300000003000400013005001700017008004100034010001700075035001900092040004200111042001200153043001200165050002200177082002300199110004900222245013200271260002700403300002600430490002600456504002500482650002900507650001500536810006900551999001700620e 42000282 DLC20260227111231.0830106s1942 miua b s000 0 eng c ae 42000282  a(OCoLC)9103375 aU.S. Off. of educ. LibrarycDNIEdDLC apremarc an-us-mi00aL162b.B3 no. 319 a379.173a370.617741 aMichigan.bDepartment of Public Instruction.10aWorking with children in one and two teacher schools ...cPublished by Eugene B. Elliott, superintendent of public instruction. aLansing, Mich.,c1942. a97 p.billus.c23 cm.1 aIts Bulletinvno. 319 aIncludes references. 0aRural schoolszMichigan. 0aEducation.1 aMichigan.bDepartment of Public Instruction.tBulletinvno. 319. c21889d21889